[Event "BCF-chT3Sd 1516 (4NCL)"]
[Site "England"]
[Date "2016.05.01"]
[Round "10.99"]
[White "Deighton, Simon"]
[Black "Obi, Marc On"]
[Result "1-0"]
[WhiteElo "2020"]
[BlackElo "1900"]
[PlyCount "89"]
[EventDate "2016.03.20"]
[EventType "team-swiss"]
[EventRounds "11"]
[EventCountry "ENG"]
[SourceTitle "EXT 2017"]
[Source "ChessBase"]
[SourceDate "2016.10.25"]
[SourceVersion "1"]
[SourceVersionDate "2016.10.25"]
[SourceQuality "1"]
[WhiteTeam "Leeds University Old Boys"]
[BlackTeam "MK Phoenix II"]
[WhiteTeamCountry "ENG"]
[BlackTeamCountry "ENG"]

1. d4 b5 2. e4 Bb7 3. Bd3 Nf6 4. Qe2 a6 5. Nf3 g6 6. 0-0 Bg7 7. Nbd2 0-0 8. a4 b4 9. c4 d6 10. Nb3 e6 11. Bd2 a5 12. Rfc1 Nbd7 13. c5 dxc5 14. dxc5 c6 15. Bf4 Ne8 16. Bc4 e5 17. Bg5 Nef6 18. Rd1 Qe7 19. Rac1 h6 20. Bh4 g5 21. Bg3 Nh5 22. Rd2 Nxg3 23. hxg3 Ra7 24. Qd3 Rd8 25. Rcd1 Ba8 26. Nh2 h5 27. Nf1 Bf6 28. Ne3 Qe8 29. Nf5 Kh7 30. Qe2 g4 31. Nd6 Qe7 32. Nf5 Qf8 33. Rd6 Bg5 34. R1d3 Nb8 35. f3 Rxd6 36. Rxd6 Rd7 37. fxg4 Rxd6 38. cxd6 f6 39. Nc5 Qd8 40. Be6 Qb6 41. Qf2 hxg4 42. Ne7 Kg7 43. Qf5 Qd8 44. Qg6+ Kh8 45. Qf7 1-0

[Event "BCF-chT3Sa 1516 (4NCL)"]
[Site "England"]
[Date "2016.02.13"]
[Round "5.88"]
[White "Deighton, Simon"]
[Black "Bullen, Alex"]
[Result "1/2-1/2"]
[WhiteElo "2020"]
[BlackElo "2008"]
[PlyCount "55"]
[EventDate "2015.11.14"]
[EventType "team-swiss"]
[EventRounds "7"]
[EventCountry "ENG"]
[SourceTitle "EXT 2017"]
[Source "ChessBase"]
[SourceDate "2016.10.25"]
[SourceVersion "1"]
[SourceVersionDate "2016.10.25"]
[SourceQuality "1"]
[WhiteTeam "Leeds University Old Boys"]
[BlackTeam "West is Best"]
[WhiteTeamCountry "ENG"]
[BlackTeamCountry "ENG"]

1. d4 d5 2. c4 e6 3. Nc3 Nf6 4. cxd5 exd5 5. Bg5 Nbd7 6. e3 c6 7. Bd3 Be7 8. Qc2 Nh5 9. Bxe7 Qxe7 10. Nge2 g6 11. 0-0-0 Nb6 12. Kb1 Bd7 13. Ng3 Nxg3 14. hxg3 0-0-0 15. Na4 Nxa4 16. Qxa4 Kb8 17. Rc1 c5 18. Qa3 Qf6 19. Rxc5 Qxf2 20. Ra5 Qxe3 21. Rxa7 Qxd3+ 22. Qxd3 Bf5 23. Qxf5 gxf5 24. Ra3 Rde8 25. Rf3 Re2 26. Rxf5 Rxg2 27. Rxd5 Rxg3 28. Rf5 1/2-1/2

[Event "BCF-chT3S 1415 (4NCL)"]
[Site "England"]
[Date "2015.02.15"]
[Round "6.156"]
[White "Deighton, Simon"]
[Black "Adebajo, Olufemi"]
[Result "0-1"]
[WhiteElo "2019"]
[BlackElo "1962"]
[PlyCount "98"]
[EventDate "2014.11.15"]
[EventType "team-swiss"]
[EventRounds "6"]
[EventCountry "ENG"]
[SourceTitle "EXT 2016"]
[Source "ChessBase"]
[SourceDate "2015.10.08"]
[SourceVersion "1"]
[SourceVersionDate "2015.10.08"]
[SourceQuality "1"]
[WhiteTeam "Leeds University Old Boys"]
[BlackTeam "MK Phoenix II"]
[WhiteTeamCountry "ENG"]
[BlackTeamCountry "ENG"]

1. d4 d5 2. c4 e6 3. Nc3 c6 4. Nf3 f5 5. Bf4 Nf6 6. e3 Bd6 7. Bd3 0-0 8. 0-0 Bxf4 9. exf4 Ne4 10. Ne5 Nd7 11. Nxd7 Bxd7 12. f3 Nd6 13. c5 Nf7 14. Qd2 Qf6 15. Qe3 Kh8 16. g4 g5 17. fxg5 Nxg5 18. f4 Ne4 19. g5 Qg7 20. Bxe4 dxe4 21. Rad1 Rad8 22. Nb1 Be8 23. Na3 Bh5 24. Rd2 Rg8 25. Nc4 Rd5 26. Ne5 Rgd8 27. b4 Kg8 28. a4 a6 29. Rb1 Be8 30. Rf1 Bh5 31. Rff2 Qc7 32. a5 Qg7 33. Rg2 Kf8 34. Rg3 Ke7 35. Rh3 Bg6 36. Rh6 Rh8 37. Qh3 Rdd8 38. Qc3 Rd5 39. Kg2 Kf8 40. b5 axb5 41. a6 bxa6 42. Ra2 Rg8 43. Rxa6 Be8 44. Rf6+ Qxf6 45. Kf2 Qd8 46. Ke3 b4 47. Qxb4 Rxe5 48. dxe5 Qd3+ 49. Kf2 Qxa6 0-1

[Event "BCF-chT3S 1415 (4NCL)"]
[Site "England"]
[Date "2014.11.15"]
[Round "2.99"]
[White "Deighton, Simon"]
[Black "Ireland, David J"]
[Result "1/2-1/2"]
[WhiteElo "2029"]
[BlackElo "1899"]
[PlyCount "58"]
[EventDate "2014.11.15"]
[EventType "team-swiss"]
[EventRounds "6"]
[EventCountry "ENG"]
[SourceTitle "CBM 163 Extra"]
[Source "ChessBase"]
[SourceDate "2014.12.23"]
[SourceVersion "1"]
[SourceVersionDate "2014.12.23"]
[SourceQuality "1"]
[WhiteTeam "Leeds University Old Boys"]
[BlackTeam "Throw in the Tal"]
[WhiteTeamCountry "ENG"]
[BlackTeamCountry "ENG"]

1. d4 Nf6 2. c4 c5 3. d5 b5 4. cxb5 a6 5. e3 g6 6. Nc3 Bg7 7. Nf3 0-0 8. a4 d6 9. e4 Nbd7 10. Bd2 Re8 11. Be2 e6 12. 0-0 exd5 13. exd5 Bb7 14. Bg5 h6 15. Bh4 Qa5 16. Bg3 Qb4 17. bxa6 Bxa6 18. Bxa6 Rxa6 19. Nb5 Rb8 20. Nc7 Ra5 21. Bxd6 Ne4 22. Nb5 Raxb5 23. axb5 Nxd6 24. Ra7 Qxb5 25. b3 Rb7 26. Rxb7 Qxb7 27. Qd3 Ne5 28. Nxe5 Bxe5 29. Re1 Bd4 1/2-1/2

[Event "4NCL-chT rapid"]
[Site "Daventry"]
[Date "2014.10.04"]
[Round "4.2"]
[White "Deighton, Simon"]
[Black "Wadsworth, Matthew J"]
[Result "1-0"]
[WhiteElo "2029"]
[BlackElo "2135"]
[PlyCount "77"]
[EventDate "2014.10.04"]
[EventType "team-swiss (rapid)"]
[EventRounds "7"]
[EventCountry "ENG"]
[SourceTitle "CBM 162 Extra"]
[Source "ChessBase"]
[SourceDate "2014.10.17"]
[SourceVersion "1"]
[SourceVersionDate "2014.10.17"]
[SourceQuality "1"]
[WhiteTeam "Leeds University Old Boys"]
[BlackTeam "Guildford"]
[WhiteTeamCountry "ENG"]
[BlackTeamCountry "ENG"]

1. d4 Nf6 2. c4 c5 3. d5 e6 4. Nc3 exd5 5. cxd5 d6 6. e4 g6 7. Nf3 Bg7 8. Bg5 0-0 9. Nd2 a6 10. a4 Re8 11. Be2 Nbd7 12. 0-0 Qc7 13. Qc2 Rb8 14. Bf4 Ne5 15. Bg3 Bd7 16. h3 g5 17. Bxe5 Rxe5 18. Nc4 Ree8 19. a5 Bb5 20. Nb6 Bxe2 21. Qxe2 Nd7 22. Nc4 Ne5 23. Ne3 Ng6 24. Nf5 Ne7 25. Ng3 h6 26. Qg4 Qc8 27. Qh5 b5 28. f4 gxf4 29. Rxf4 Ng6 30. Rg4 b4 31. Nd1 Re5 32. Nf5 Qf8 33. Nde3 Rbe8 34. Rf1 Rxe4 35. Nxh6+ Bxh6 36. Rxg6+ fxg6 37. Rxf8+ Rxf8 38. Qxg6+ Bg7 39. Qxe4 1-0

[Event "4NCL-ch rapid"]
[Site "Daventry"]
[Date "2013.10.06"]
[Round "4"]
[White "Deighton, Simon"]
[Black "Josse, Mark"]
[Result "0-1"]
[WhiteElo "1986"]
[BlackElo "2173"]
[PlyCount "56"]
[EventDate "2013.10.06"]
[EventType "swiss (rapid)"]
[EventRounds "7"]
[EventCountry "ENG"]
[SourceTitle "CBM 156 Extra"]
[Source "ChessBase"]
[SourceDate "2013.10.22"]
[SourceVersion "1"]
[SourceVersionDate "2013.10.22"]
[SourceQuality "1"]

1. d4 d5 2. c4 dxc4 3. e4 c5 4. d5 b5 5. a4 Nf6 6. axb5 Nxe4 7. Bxc4 Nd7 8. Nf3 Nb6 9. b3 Bb7 10. Be3 Nxd5 11. Bxd5 Bxd5 12. 0-0 e6 13. Qc2 Be7 14. Nc3 Nxc3 15. Qxc3 Bf6 16. Qxc5 Bxa1 17. Rxa1 Qe7 18. b4 Qxc5 19. bxc5 Rb8 20. Nd4 g6 21. Bf4 Rc8 22. c6 f6 23. Bd6 e5 24. Ne2 Rd8 25. Bc5 a6 26. Rxa6 Bxc6 27. Nc3 Ra8 28. Nd5 Bxd5 0-1

[Event "4NCL-chT rapid"]
[Site "Daventry"]
[Date "2013.10.05"]
[Round "5.7"]
[White "Deighton, Simon"]
[Black "Mason, Donald"]
[Result "1/2-1/2"]
[WhiteElo "1986"]
[BlackElo "2204"]
[PlyCount "69"]
[EventDate "2013.10.05"]
[EventType "team-swiss (rapid)"]
[EventRounds "7"]
[EventCountry "ENG"]
[SourceTitle "CBM 156 Extra"]
[Source "ChessBase"]
[SourceDate "2013.10.22"]
[SourceVersion "1"]
[SourceVersionDate "2013.10.22"]
[SourceQuality "1"]
[WhiteTeam "Leeds University Old Boys"]
[BlackTeam "Warwicks Select"]
[WhiteTeamCountry "ENG"]
[BlackTeamCountry "ENG"]

1. d4 e6 2. c4 f5 3. Nc3 Nf6 4. g3 Be7 5. Nf3 0-0 6. Bg2 d6 7. 0-0 Ne4 8. Qc2 Nxc3 9. Qxc3 a5 10. b3 Bf6 11. Bb2 Nc6 12. Qd2 e5 13. dxe5 dxe5 14. Qxd8 Rxd8 15. Rfd1 Re8 16. Ne1 e4 17. Bxf6 gxf6 18. Nc2 a4 19. Ne3 axb3 20. axb3 Rxa1 21. Rxa1 Be6 22. Rd1 Kf7 23. Bh3 Ne7 24. f3 f4 25. Bxe6+ Kxe6 26. gxf4 exf3 27. exf3 c6 28. Kf2 Ra8 29. f5+ Nxf5 30. Nxf5 Kxf5 31. Rd7 b5 32. cxb5 cxb5 33. Rd5+ Kf4 34. Rd4+ Ke5 35. Rd7 1/2-1/2